Statistics for Seven deadly sins (anime) quiz

Click here to take the quiz!

General Stats

  • This quiz has been taken 2,270 times
  • The average score is 7 of 10

Answer Stats

QuestionAnswer% Correct
Who was part of the 10 commandments and the seven deadly sins?Gowther
89%
Which of the sins defeated meliodas in his assault mode?Escanor
86%
Which type of demon did Hendrickson turn into?Ash gray demon
76%
Who is the boar sin of gluttonyMerlin
73%
Who gave birth to Tristan ?Meliodas and Elizabeth
65%
Who is the hottest girl?Elizabeth
58%
Where did the supreme deity and demon king seal away chaos?Hawks mama
57%
Which commandment does zeldris have?Piety
56%
What happens if you look at goddess Elizabeth's eyes?You stop fighting
50%
Who died :(Escanor
48%

Score Distribution

Percentile by Number Answered

Percent of People with Each Score

Your Score History

You have not taken this quiz